000 00519nam a22001697a 4500
999 _c8440
_d8440
008 201124b ||||| |||| 00| 0 eng d
040 _aBMS College of Architecture
100 _aIbrahim, Diya
245 _aYouth empowerment centre and cultural Museum
300 _aNA
500 _a1BM14AT034
502 _8B,Arch
_NBMS College of Architecture, Visvesvaraya Technological University
_aProject report
_d2018
650 _aMuseum
700 _aNeetha S N
_eGuide
700 _aPraveen Alva
_eGuide
942 _2ddc
_cTHE